| 000 | 00568cam a22001932 4500 | ||
|---|---|---|---|
| 001 | 0000000795 | ||
| 005 | 20170406112902.0 | ||
| 008 | 131119s xx 000 0 eng d | ||
| 020 |
_a1868040461 : _c$ |
||
| 040 |
_aYour Holding Symbol _cYour Holding Symbol |
||
| 100 | 1 | _aPretorius,H. L. | |
| 245 | 1 | 0 | _aReflecting on mission in african context. |
| 250 | _a ed. | ||
| 260 |
_abloemfontein : _bpro christo publications, _c1966. |
||
| 300 |
_a196 p. ; _c cm. |
||
| 650 | 0 | _areligion. | |
| 908 | _a131119 | ||
| 999 |
_c718 _d718 |
||